000 00916nam a2200229Ii 4500
003 JO-AjNU
008 230605s9999||||xx |||||||||||||| ||und||
017 _a2004/9/2334
020 _a9957-38-003-6
040 _aJO-AjNU
_bara
_erda
_cJO-AjNU
041 _aara
050 1 4 _aPJ6065.H3824 2005
100 3 _aتاليف حوامدة، باسم علي؛م.مشارك شاهر ذيب أبو شريخ,
_eauthor
_911798
245 0 0 _aتعليم اللغة العربية للصفوف الثلاثة الأولى:النظرية والتطبيق
250 _aط1
264 3 1 _aعمان: دار جرير للنشر، 2004
300 _a197ص
336 _atext
_btxt
_2rdacontent
337 _aunmediated
_bn
_2rdamedia
338 _avolume
_bnc
_2rdacarrier
650 4 _aالتعليم الابتدائي-اللغة العربية-المدارس الابتدائية-أساليب التدريس-التدريس
_911799
999 _aA2509
_c6077
_d6077